000 00660nam a2200229Ia 4500
003 OSt
005 20230623113518.0
008 210423s2011 xx 000 0 und d
020 _a978-93-80250-13-7
040 _cAL
041 _aeng
082 _a519.2 GOSC
100 _aGOSWAMI (A);RAO (B V)
_9112719
245 _aCourse in applied stochastic processes
_cSESHADRI (C S)
260 _aNew Delhi
_bHindustan Book Agency
_c2011
300 _axi,215
_bPB
365 _b280
_cINR
440 _aTexts and readings in mathematics 40
_9112720
650 _aProbabilities
_9112721
906 _aapplied ; Course ; processes ; stochastic
942 _2ddc
_cBK
999 _c168071
_d168071